000 00681nam a2200205Ia 4500
003 GCL
008 140319s9999 xx 000 0 ara d
040 _aGCL /
_cGCL
082 0 4 _a709.1
_bش ق
100 1 _aالياس ابو شبكة
245 1 0 _aقصة الحى الغربى : كشف جديد على الفن الاسلامى فى العصر (هدية من الاديب عبدالفتاح الجمل) /
_cالياس ابو شبكة
700 1 _aشلومبرجة، دانيال
300 _a55 ص
490 _a
650 0 4 _aالفنون
650 0 4 _aالزخرفة
650 0 4 _aالفن الاسبانى
650 0 4 _aالفن الاسلامى
942 _2ddc
_cBK
999 _c42173
_d42173